1354 1554 1565 1972 1369 1176 1147 1950 1955 1493 1249 1673 1688 1214 1201 1485 1086 1887 1429 1974 1562 1026 1749 1548 1798 1402 1232 1908 1439 1080 1696 1196 1604 1432 1943 1832 1556 1213 1836 1009 1803 1680 1486 1956 1709 1566 1601 1186 1847 1239 1024 1292 1930 1886 1267 1398 1306 1106 1665 1717 1097 1778 1045 1904 1582 1680 1213 1186 1479 1909 1968 1817 1384 1065 1985 1422 1065 1780 1163 1002 1827 1350 1655 1183 1609 1881 1399 1850 1621 1832 1697 1687 1453 1873 1150 1360 1558 1017 1248 BCNSPRNW ULIB Ver.6.0+V

เปลี่ยนเป็นภาษาไทย

Change to English
 แสดงรายละเอียดบรรณานุกรม
  กลับหน้าหลัก

Brief Record : Get Marc (ISO 2709) : E-mail record : QR code < ปิดหน้าต่าง
LEADER : 00000nam 2200000uu 4500
001    13399120979
003     ULIB
008    121029s2548||||th 000 0 tha d
020    ^a9746459457(ล.1)
050  4 ^aHA29.5.T5^bส719ส ล.1
110 2  ^aมหาวิทยาลัยสุโขทัยธรรมาธิราช.^bสาขาวิชาวิทยาศาสตร์สุขภาพ
245 10 ^a เอกสารการสอนชุดวิชาสถิติและการวิจัยสำหรับวิทยาศาสตร์สุขภาพ หน่วยที่ 1-7=^bStatistics and research in health science / ^cสาขาวิชาวิทยาศาสตร์สุขภาพ มหาวิทยาลัยสุโขทัยธรรมาธิราช
246 30 ^aสถิติและการวิจัยสำหรับวิทยาศาสตร์สุขภาพ
246 31 ^aStatistics and research in health science
250    ^aพิมพ์ครั้งที่ 2
260    ^aนนทบุรี :^bมหาวิทยาลัยสุโขทัยธรรมาธิราช,^c2548
300    ^aเล่ม :^bภาพประกอบ
440  0 ^aมหาวิทยาลัยสุโขทัยธรรมาธิราช ;^vอ.50103
504    ^aบรรณานุกรมท้ายเล่ม
505 0  ^aสารบัญ: ล.1. หน่วยที่ 1-7-- ล.2. หน่วยที่ 8-15
650  4 ^aสถิติศาสตร์
650  4 ^aวิจัย
650  4 ^aวิทยาศาสตร์การแพทย์^xวิจัย
650  4 ^aวิทยาศาสตร์สุขภาพ^xวิจัย
650  4 ^aสถิติและการวิจัยสำหรับวิทยาศาสตร์สุขภาพ
945    ^p0^l0^i24414
995    ^aทศพร
999    ^aทศพร เกษรทอง
รายการนี้ยังไม่มีแท็ก
คุณยังไม่ได้ล็อกอิน คุณสามารถมีกิจกรรมร่วมกับเว็บไซต์ได้ แต่ต้องล็อกอินก่อน ::
  ล็อกอิน

รายการสื่อสารสนเทศ

ลำดับที่ ประเภท เลขเรียก/บาร์โค้ด สถานที่ สถานะ
1. วิทยาศาสตร์การแพทย์ และสุขภาพ
วิทยาศาสตร์การแพทย์ และสุขภาพ
HA29.5.T5 ส719ส ล.1 ฉ.1 
  Barcode: 24414
ห้องสมุดวิทยาเขตสวรรค์ประชารักษ์
►หนังสือทั่วไป
บนชั้น

รายการใกล้เคียง
    หัวเรื่อง [สถิติศาสตร์]
    หัวเรื่อง [วิจัย]
    หัวเรื่อง [สถิติและการวิจัยสำหรับวิทยาศาสตร์สุขภาพ]

BibComment


ยังไม่เคยถูกคอมเมนท์

คอมเมนท์ทรัพยากรรายการนี้
  คอมเมนท์: เอกสารการสอนชุด..


 Copyright 2026. Bcnsprnw @Library